| 000 | 00623nam a2200217Ia 4500 | ||
|---|---|---|---|
| 999 |
_c48 _d48 |
||
| 020 | _a0-233-95836-3 | ||
| 082 | _a025.04 NEE-; | ||
| 100 | _aNeedham, Christopher.D. | ||
| 245 | 0 |
_aOrganizing knowledge in libraries: _ban introduction to information retrieval |
|
| 260 |
_aLondon _bAndre Deutsch _c1964 |
||
| 300 | _a448p. | ||
| 504 | _aIncludes index | ||
| 650 | _aLibrary science | ||
| 650 | _aClassification - Books | ||
| 650 | _aCataloging | ||
| 650 | _aRetrieval of information | ||
| 650 | _aDocumentation | ||
| 650 | _aInformation retrieval | ||
| 650 | _aInformation storage and retrieval systems | ||
| 942 | _cBK | ||